=LDR 00000nam 2200000 4500 =001 INLIS000000000022027 =005 20130612120827 =008 ***********************************ind** =035 ##$$0010-061300000022027 =041 ##$$a ind =082 ##$$a 2x7.33 =090 ##$$a 2x7.33, Wah p =100 ##$$a Wahid, Achmadi =245 ##$$a Pendidikan Agama Islam (PAI) 2 SLTP, Achmadi Wahid, Mafrukhi, Moh. Masrun =260 ##$$a 1997 $b Semarang; neka Ilmu =300 ##$$a v, 94 hlm., illus, 28 cm =650 ##$$a Agama Islam =850 ##$$a NBPNMAT